[Event "European Senior Team Championship 2014"]
[Site "Sibenik"]
[Date "2014.04.04"]
[Round "4.7"]
[White "Petersson, Gosta"]
[Black "Van Kemenade, Rudy"]
[Result "1/2-1/2"]
[WhiteElo "2158"]
[BlackElo "2001"]
[PlyCount "110"]
[EventDate "2014.04.01"]

1. c4 g6 2. Nc3 Bg7 3. g3 d6 4. Bg2 Nc6 5. e4 e5 6. d3 Nd4 7. Nf3 Bg4 8. h3
Bxf3 9. Bxf3 Nxf3+ 10. Qxf3 Qf6 11. Qg2 c6 12. O-O Bh6 13. Be3 Bxe3 14. fxe3
Qg7 15. Rf3 Ne7 16. g4 O-O 17. Raf1 Rad8 18. g5 h5 19. Rf6 Rd7 20. d4 Kh8 21.
Qd2 Ng8 22. dxe5 Nxf6 23. Rxf6 Re8 24. exd6 Re6 25. Qd4 Rdxd6 26. Rxf7 Rxd4 27.
Rxg7 Rd1+ 28. Nxd1 Kxg7 29. Nc3 Rd6 30. Kf2 Rd2+ 31. Kf3 Rxb2 32. e5 Rc2 33.
Ne4 Rxc4 34. Nd6 Rb4 35. e4 Kf8 36. e6 Ke7 37. Nf7 Kxe6 38. Nh8 Ra4 39. Nxg6
Rxa2 40. Nf4+ Ke5 41. Nxh5 Ra3+ 42. Kg4 Re3 43. Ng3 a5 44. h4 Rd3 45. h5 a4 46.
h6 a3 47. h7 Rd8 48. Nh5 a2 49. g6 a1=Q 50. g7 Qd1+ 51. Kh4 Qe1+ 52. Ng3 Qf2
53. g8=Q Qf4+ 54. Kh5 Qf3+ 55. Kh4 Qf4+ 1/2-1/2

[Event "European Senior Team Championship 2014"]
[Site "Sibenik"]
[Date "2014.04.04"]
[Round "4.7"]
[White "Thornton, John D"]
[Black "Nyberg, Ulf"]
[Result "0-1"]
[WhiteElo "2020"]
[BlackElo "2141"]
[PlyCount "62"]
[EventDate "2014.04.01"]

1. c4 e5 2. g3 d6 3. Bg2 f5 4. Nc3 Nf6 5. e3 Be7 6. d4 O-O 7. Nf3 e4 8. Nd2 c6
9. O-O Kh8 10. d5 Na6 11. f3 cxd5 12. cxd5 exf3 13. Nxf3 Bd7 14. Nd4 Ng4 15.
Nce2 Bg5 16. Nf4 Bxf4 17. exf4 Re8 18. Kh1 Qb6 19. b3 Nc5 20. h3 Ne3 21. Bxe3
Rxe3 22. Rf3 Rae8 23. Qg1 Rxf3 24. Bxf3 Ne4 25. Rd1 Qa5 26. Ne6 Bxe6 27. Bxe4
Bd7 28. Bb1 Qc3 29. Qf2 Bb5 30. Bxf5 Re2 31. Qf1 Qxg3 0-1

[Event "European Senior Team Championship 2014"]
[Site "Sibenik"]
[Date "2014.04.04"]
[Round "4.7"]
[White "Nordstrom, Felix"]
[Black "Bevan, P.M."]
[Result "1/2-1/2"]
[WhiteElo "2125"]
[BlackElo "2086"]
[PlyCount "45"]
[EventDate "2014.04.01"]

1. d4 e6 2. c4 Nf6 3. Nc3 Bb4 4. Qc2 O-O 5. a3 Bxc3+ 6. Qxc3 d5 7. Nf3 Ne4 8.
Qc2 c5 9. dxc5 Nxc5 10. e3 a5 11. cxd5 Qxd5 12. Bc4 Qe4 13. Qxe4 Nxe4 14. Ke2
b6 15. Rd1 Ba6 16. Bxa6 Nxa6 17. Bd2 f6 18. Rac1 Rac8 19. Rxc8 Rxc8 20. Rc1
Rxc1 21. Bxc1 e5 22. Nd2 Nd6 23. f3 1/2-1/2

[Event "European Senior Team Championship 2014"]
[Site "Sibenik"]
[Date "2014.04.04"]
[Round "4.8"]
[White "Huelsmann, Josef"]
[Black "Soylu, Suat"]
[Result "1/2-1/2"]
[WhiteElo "2168"]
[BlackElo "2407"]
[PlyCount "42"]
[EventDate "2014.04.01"]

1. d4 c5 2. e3 Nf6 3. Nf3 g6 4. c3 Bg7 5. Nbd2 cxd4 6. exd4 O-O 7. Bd3 d6 8.
O-O Nc6 9. Re1 a6 10. Ne4 Nxe4 11. Bxe4 d5 12. Bc2 Qd6 13. a4 f6 14. Bb3 Be6
15. Bf4 Qd7 16. a5 Bf7 17. Ba4 Rac8 18. Qe2 Rfe8 19. Bg3 g5 20. h3 e6 21. b4
Qd8 1/2-1/2

[Event "European Senior Team Championship 2014"]
[Site "Sibenik"]
[Date "2014.04.04"]
[Round "4.8"]
[White "Mollaoglu, Ergin"]
[Black "Haselhorst, Helmut"]
[Result "1-0"]
[WhiteElo "2354"]
[BlackElo "2079"]
[PlyCount "43"]
[EventDate "2014.04.01"]

1. d4 Nf6 2. c4 g6 3. Nc3 Bg7 4. Bg5 h6 5. Bh4 d6 6. e3 O-O 7. Be2 Nc6 8. Nf3
Bf5 9. d5 Nb8 10. Nd2 g5 11. Bg3 c5 12. h4 Re8 13. hxg5 hxg5 14. Nf3 Ne4 15.
Nxe4 Bxe4 16. Nxg5 Bg6 17. Bh5 e6 18. Bxg6 Qxg5 19. Bh7+ Kh8 20. dxe6 Bxb2 21.
Qc2 Qf6 22. Bg6+ 1-0

[Event "European Senior Team Championship 2014"]
[Site "Sibenik"]
[Date "2014.04.04"]
[Round "4.8"]
[White "Weisshaupt, Rainer"]
[Black "Dogantug, Ahmet Ismail"]
[Result "1/2-1/2"]
[WhiteElo "2154"]
[BlackElo "2149"]
[PlyCount "40"]
[EventDate "2014.04.01"]

1. d4 Nf6 2. c4 g6 3. Nc3 Bg7 4. e4 d6 5. f4 O-O 6. Nf3 c5 7. d5 e6 8. Be2 exd5
9. e5 dxe5 10. fxe5 Ng4 11. Bg5 f6 12. exf6 Nxf6 13. cxd5 h6 14. Bh4 Nbd7 15.
O-O g5 16. Bg3 Nh5 17. Bd6 Rf6 18. Ne4 g4 19. Nfd2 Rxf1+ 20. Qxf1 Ndf6 1/2-1/2

[Event "European Senior Team Championship 2014"]
[Site "Sibenik"]
[Date "2014.04.04"]
[Round "4.8"]
[White "Muratoglu, Salih"]
[Black "Kurka, Dieter"]
[Result "1/2-1/2"]
[WhiteElo "2020"]
[BlackElo "2028"]
[PlyCount "59"]
[EventDate "2014.04.01"]

1. d4 d5 2. c4 e6 3. Nf3 Nf6 4. Nc3 Be7 5. e3 O-O 6. Bd3 Nbd7 7. O-O a6 8. Ne5
dxc4 9. Nxc4 c5 10. Ne5 Qc7 11. f4 b5 12. Qf3 Bb7 13. Qh3 g6 14. g4 cxd4 15.
exd4 Qd6 16. Be3 b4 17. Ne2 Ne4 18. Ng3 Nxg3 19. hxg3 Nxe5 20. fxe5 Qd5 21. Rf2
f5 22. gxf5 gxf5 23. b3 Rac8 24. g4 Rc3 25. Rh2 Rf7 26. Rd1 Qf3 27. Qxf3 Bxf3
28. Rdd2 Rc1+ 29. Kf2 fxg4 30. Kg3 1/2-1/2

[Event "European Senior Team Championship 2014"]
[Site "Sibenik"]
[Date "2014.04.04"]
[Round "4.9"]
[White "Westerinen, Heikki M.J"]
[Black "Roth, Peter"]
[Result "1-0"]
[WhiteElo "2293"]
[BlackElo "2176"]
[PlyCount "51"]
[EventDate "2014.04.01"]

1. e4 e6 2. d4 d5 3. Nd2 dxe4 4. Nxe4 Nf6 5. Nxf6+ gxf6 6. Nf3 Nc6 7. Bf4 Bd6
8. Bg3 Bxg3 9. hxg3 Qd6 10. Qd2 Bd7 11. O-O-O O-O-O 12. Rh6 Qe7 13. Qf4 f5 14.
Qh4 Qxh4 15. Rxh4 f6 16. Rh6 Rdf8 17. Re1 Ne7 18. Bc4 Ng8 19. Rhh1 Re8 20. Re3
c5 21. dxc5 e5 22. Ra3 a6 23. Rd1 Ne7 24. Rd6 Rhf8 25. Nh4 Ng6 26. Bd5 1-0

[Event "European Senior Team Championship 2014"]
[Site "Sibenik"]
[Date "2014.04.04"]
[Round "4.9"]
[White "Dueckstein, Andreas"]
[Black "Kanko, Ilkka"]
[Result "1/2-1/2"]
[WhiteElo "2188"]
[BlackElo "2188"]
[PlyCount "20"]
[EventDate "2014.04.01"]

1. e4 c5 2. Nf3 e6 3. c3 Nf6 4. e5 Nd5 5. d4 cxd4 6. cxd4 d6 7. Bb5+ Bd7 8.
Bxd7+ Nxd7 9. O-O dxe5 10. dxe5 Be7 1/2-1/2

[Event "European Senior Team Championship 2014"]
[Site "Sibenik"]
[Date "2014.04.04"]
[Round "4.9"]
[White "Hurme, Harri"]
[Black "Titz, Herbert"]
[Result "1-0"]
[WhiteElo "2150"]
[BlackElo "1995"]
[PlyCount "87"]
[EventDate "2014.04.01"]

1. d4 Nf6 2. c4 c5 3. d5 b5 4. cxb5 a6 5. bxa6 Bxa6 6. Nc3 d6 7. f4 g6 8. Nf3
Bg7 9. e4 Bxf1 10. Rxf1 Qa5 11. Kf2 Ng4+ 12. Kg3 Nf6 13. h3 Qb4 14. Qe2 Nfd7
15. a4 Nb6 16. Bd2 Qc4 17. Qxc4 Nxc4 18. Ra2 Na6 19. Nb5 Nxd2 20. Nxd2 Kd7 21.
Nc4 Rhb8 22. b3 Nc7 23. Nxc7 Kxc7 24. Rf3 Rb4 25. Rd2 Bd4 26. h4 Rbb8 27. Kh3
Re8 28. e5 f6 29. Re2 dxe5 30. fxe5 fxe5 31. Nxe5 Kd6 32. Nc4+ Kc7 33. g4 Rad8
34. Rf7 Rxd5 35. Rfxe7+ Rxe7 36. Rxe7+ Kc6 37. Rxh7 Ba1 38. g5 Rd3+ 39. Kg4
Rd4+ 40. Kf3 Bc3 41. Rh6 Kc7 42. a5 Be1 43. a6 Bxh4 44. a7 1-0

[Event "European Senior Team Championship 2014"]
[Site "Sibenik"]
[Date "2014.04.04"]
[Round "4.9"]
[White "Newrkla, Alexander"]
[Black "Morant, Paul"]
[Result "1-0"]
[WhiteElo "1956"]
[BlackElo "2149"]
[PlyCount "91"]
[EventDate "2014.04.01"]

1. e4 c5 2. d4 cxd4 3. c3 dxc3 4. Nxc3 Nc6 5. Nf3 g6 6. Bc4 Bg7 7. O-O Nf6 8.
Bf4 O-O 9. Qe2 d6 10. h3 Nd7 11. Rfd1 Nde5 12. Nxe5 Nxe5 13. Bb3 Bd7 14. Bg5
Kh8 15. Qd2 Be6 16. Nd5 f6 17. Be3 Nc6 18. Rac1 Qd7 19. f3 g5 20. Qf2 h6 21. f4
Bg8 22. f5 e6 23. fxe6 Bxe6 24. g4 h5 25. Kg2 Rac8 26. Rh1 h4 27. Qe2 Rfe8 28.
Rhf1 Rf8 29. Rf5 Bxf5 30. gxf5 Qe8 31. Nc3 Bh6 32. Rd1 Rd8 33. Bd4 Nxd4 34.
Rxd4 Kh7 35. Be6 Bg7 36. Rc4 Kh6 37. Rc7 Bh8 38. Nd5 Bg7 39. Re7 Qa4 40. Nc3
Qb4 41. Rxg7 Kxg7 42. Qh5 Qxb2+ 43. Ne2 Rd7 44. Qg6+ Kh8 45. Qh6+ Rh7 46. Qxf8#
1-0

[Event "European Senior Team Championship 2014"]
[Site "Sibenik"]
[Date "2014.04.04"]
[Round "4.10"]
[White "Jamieson, Peter M"]
[Black "Watzka, Horst"]
[Result "1/2-1/2"]
[WhiteElo "2251"]
[BlackElo "2250"]
[PlyCount "22"]
[EventDate "2014.04.01"]

1. d4 Nf6 2. Nf3 d6 3. Nc3 Nc6 4. e4 e5 5. h3 Be7 6. Be3 a6 7. a4 O-O 8. Be2
exd4 9. Nxd4 Re8 10. O-O Bf8 11. Nxc6 bxc6 1/2-1/2

[Event "European Senior Team Championship 2014"]
[Site "Sibenik"]
[Date "2014.04.04"]
[Round "4.10"]
[White "Nickl, Klaus"]
[Black "Giulian, Philip M"]
[Result "1/2-1/2"]
[WhiteElo "2139"]
[BlackElo "2193"]
[PlyCount "36"]
[EventDate "2014.04.01"]

1. d4 f5 2. Nf3 Nf6 3. c4 d6 4. g3 g6 5. Bg2 Bg7 6. O-O O-O 7. d5 Na6 8. Nc3
Qe8 9. Rb1 Nc5 10. Be3 a5 11. Nb5 Qd8 12. Nd2 Bd7 13. Nc3 Rb8 14. Bxc5 dxc5 15.
e4 fxe4 16. Ndxe4 Nxe4 17. Nxe4 Bd4 18. Qe2 b5 1/2-1/2

[Event "European Senior Team Championship 2014"]
[Site "Sibenik"]
[Date "2014.04.04"]
[Round "4.10"]
[White "Robertson, Ian C"]
[Black "Kratschmer, Heinz"]
[Result "1/2-1/2"]
[WhiteElo "2161"]
[BlackElo "2114"]
[PlyCount "31"]
[EventDate "2014.04.01"]

1. e4 c5 2. b3 e5 3. Bb2 d6 4. Nc3 Nf6 5. Bc4 Be7 6. Nge2 Nc6 7. d3 a6 8. a4
O-O 9. O-O Nd4 10. Nd5 Rb8 11. a5 Nxd5 12. Bxd5 Kh8 13. Nxd4 exd4 14. c3 dxc3
15. Bxc3 Bf6 16. Qd2 1/2-1/2

[Event "European Senior Team Championship 2014"]
[Site "Sibenik"]
[Date "2014.04.04"]
[Round "4.10"]
[White "Pitzl, Konstantinos"]
[Black "Scrimgour, Alan"]
[Result "1/2-1/2"]
[WhiteElo "2060"]
[BlackElo "2016"]
[PlyCount "38"]
[EventDate "2014.04.01"]

1. Nf3 c5 2. g3 Nc6 3. Bg2 g6 4. O-O Bg7 5. d3 e5 6. e4 Nge7 7. Nbd2 O-O 8. c3
h6 9. Qc2 d6 10. Nc4 Be6 11. Ne3 d5 12. Nh4 d4 13. Nd1 g5 14. Nf3 Ng6 15. Kh1
Qd7 16. Ng1 f5 17. f3 f4 18. Nf2 Rf7 19. Qe2 h5 1/2-1/2

[Event "European Senior Team Championship 2014"]
[Site "Sibenik"]
[Date "2014.04.04"]
[Round "4.11"]
[White "Opl, Klaus"]
[Black "Habershon, Paul F"]
[Result "1/2-1/2"]
[WhiteElo "2283"]
[BlackElo "2069"]
[PlyCount "68"]
[EventDate "2014.04.01"]

1. Nf3 Nf6 2. d4 e6 3. e3 Be7 4. Bd3 d5 5. O-O b6 6. b3 Bb7 7. Bb2 O-O 8. Nbd2
Nbd7 9. c4 c5 10. Qe2 Ne4 11. Rfd1 f5 12. Rac1 Rc8 13. cxd5 exd5 14. Ba6 Bxa6
15. Qxa6 f4 16. exf4 Rxf4 17. Nxe4 dxe4 18. Ne5 Nxe5 19. dxe5 Qf8 20. Qc4+ Kh8
21. Qe2 Qf5 22. Rc2 Rf8 23. Bc1 Rg4 24. h3 Rg6 25. Re1 Bh4 26. Rf1 Qxe5 27. Rc4
Re8 28. Bb2 Qf5 29. Kh1 Rge6 30. Kg1 Bf6 31. Bxf6 Qxf6 32. Re1 Qf5 33. Rc3 h6
34. Re3 Qd5 1/2-1/2

[Event "European Senior Team Championship 2014"]
[Site "Sibenik"]
[Date "2014.04.04"]
[Round "4.11"]
[White "Wood, Peter R"]
[Black "Titz, Heimo"]
[Result "0-1"]
[WhiteElo "1951"]
[BlackElo "2151"]
[PlyCount "92"]
[EventDate "2014.04.01"]

1. e4 c5 2. Nc3 Nc6 3. g3 g6 4. Bg2 Bg7 5. d3 d6 6. f4 e6 7. Nf3 Nge7 8. O-O
O-O 9. Be3 Nd4 10. e5 Nef5 11. Bf2 Rb8 12. Ne4 Nxf3+ 13. Qxf3 b6 14. g4 Bb7 15.
gxf5 exf5 16. Qe2 fxe4 17. Bxe4 dxe5 18. fxe5 Qg5+ 19. Bg3 Bxe5 20. Bxb7 Bxg3
21. hxg3 Rxb7 22. Qf3 Re7 23. Rae1 Rfe8 24. Rxe7 Rxe7 25. Kg2 h5 26. Rf2 h4 27.
Qf4 Qxg3+ 28. Qxg3 hxg3 29. Kxg3 Kg7 30. Rh2 f5 31. Kf3 g5 32. b3 Kf6 33. a4
Ke5 34. Re2+ Kd6 35. Rh2 Kd5 36. Rg2 Rg7 37. c3 Ke5 38. Re2+ Kf6 39. Rh2 Rd7
40. Ke3 f4+ 41. Ke4 Re7+ 42. Kd5 Kf5 43. d4 cxd4 44. cxd4 f3 45. Rh8 Rf7 46.
Kc6 f2 0-1

[Event "European Senior Team Championship 2014"]
[Site "Sibenik"]
[Date "2014.04.04"]
[Round "4.11"]
[White "Singer, Hans"]
[Black "Phillips, William"]
[Result "1-0"]
[WhiteElo "2166"]
[BlackElo "1939"]
[PlyCount "109"]
[EventDate "2014.04.01"]

1. d4 Nf6 2. c4 g6 3. Nc3 Bg7 4. e4 d6 5. Nf3 O-O 6. Be2 e5 7. Be3 Ng4 8. Bg5
f6 9. Bh4 g5 10. Bg3 Nh6 11. dxe5 dxe5 12. Qxd8 Rxd8 13. Nd5 Na6 14. h4 Nf7 15.
hxg5 fxg5 16. Ne7+ Kh8 17. Nxe5 Nxe5 18. Bxe5 Bxe5 19. Ng6+ Kg7 20. Nxe5 Re8
21. Nf3 g4 22. Nd2 Nc5 23. f3 gxf3 24. gxf3 Bd7 25. Kf2 Re7 26. Rag1+ Kh8 27.
Ke3 Rg8 28. Rxg8+ Kxg8 29. f4 Bc6 30. Bf3 a5 31. e5 Bxf3 32. Nxf3 Nd7 33. Ng5
Nxe5 34. fxe5 Rxe5+ 35. Ne4 Rf5 36. Rd1 Kg7 37. Rd7+ Rf7 38. Rxf7+ Kxf7 39. Nc5
b6 40. Na6 Ke6 41. Nxc7+ Kd6 42. Nd5 Kc5 43. Nxb6 Kxb6 44. b3 Kc5 45. Kf4 a4
46. Kg5 a3 47. Kh6 Kb4 48. Kxh7 Kc3 49. c5 Kb2 50. c6 Kxa2 51. c7 Kxb3 52. c8=Q
Kb2 53. Qb7+ Ka1 54. Qc6 Kb2 55. Qb5+ 1-0

[Event "European Senior Team Championship 2014"]
[Site "Sibenik"]
[Date "2014.04.04"]
[Round "4.11"]
[White "Scowen, Roger S"]
[Black "Strobel, Ferdinand"]
[Result "1/2-1/2"]
[WhiteElo "1883"]
[BlackElo "2100"]
[PlyCount "60"]
[EventDate "2014.04.01"]

1. e4 d6 2. d4 Nf6 3. Nc3 g6 4. f3 Bg7 5. Be3 c6 6. Qd2 b5 7. Bd3 Nbd7 8. Nh3
Nb6 9. Nf2 Qc7 10. Bh6 O-O 11. h4 e5 12. Bxg7 Kxg7 13. dxe5 dxe5 14. h5 Ng8 15.
O-O-O Qe7 16. f4 exf4 17. Qxf4 b4 18. h6+ Kh8 19. Ne2 Qf6 20. Rh4 Qxf4+ 21.
Rxf4 Nxh6 22. Rh1 Ng8 23. e5 Be6 24. Rxb4 Kg7 25. Nf4 Nd5 26. Nxe6+ fxe6 27.
Rb7+ Nde7 28. Ng4 h5 29. Nf6 Rf7 30. Rf1 Nf5 1/2-1/2

[Event "European Senior Team Championship 2014"]
[Site "Sibenik"]
[Date "2014.04.04"]
[Round "4.12"]
[White "Rooze, Jan"]
[Black "Morris, Charles F"]
[Result "1-0"]
[WhiteElo "2348"]
[BlackElo "2142"]
[PlyCount "57"]
[EventDate "2014.04.01"]

1. e4 e6 2. d4 d5 3. Nd2 Nf6 4. e5 Nfd7 5. c3 c5 6. f4 Nc6 7. Ndf3 Qb6 8. a3
cxd4 9. cxd4 Be7 10. h4 f6 11. Bd3 O-O 12. Ne2 fxe5 13. fxe5 Ndxe5 14. dxe5
Nxe5 15. Nxe5 Qf2+ 16. Kd2 Bd6 17. Ng4 Qb6 18. Nc3 Bd7 19. Qe2 d4 20. Ne4 Bf4+
21. Kc2 e5 22. Kb1 Rac8 23. Bxf4 exf4 24. Ng5 h6 25. Ne5 Bf5 26. Bxf5 Rxf5 27.
Ngf3 Qc5 28. Qe4 Rf6 29. Nd7 1-0

[Event "European Senior Team Championship 2014"]
[Site "Sibenik"]
[Date "2014.04.04"]
[Round "4.12"]
[White "Miles, Richard"]
[Black "Geenen, Marc"]
[Result "1/2-1/2"]
[WhiteElo "2065"]
[BlackElo "2240"]
[PlyCount "51"]
[EventDate "2014.04.01"]

1. d4 Nf6 2. c4 g6 3. Nc3 Bg7 4. e4 d6 5. Be2 O-O 6. Nf3 e5 7. O-O Na6 8. Be3
Ng4 9. Bg5 Qe8 10. c5 h6 11. Bh4 exd4 12. Nd5 g5 13. Bxa6 gxh4 14. Nxc7 Qc6 15.
Nxa8 bxa6 16. cxd6 Qxa8 17. Re1 Qc6 18. h3 Ne5 19. Nxd4 Qxd6 20. Nf5 Qxd1 21.
Raxd1 Bxf5 22. exf5 Rc8 23. Re2 Kf8 24. b3 Rc5 25. Rde1 Bf6 26. Rd1 1/2-1/2

[Event "European Senior Team Championship 2014"]
[Site "Sibenik"]
[Date "2014.04.04"]
[Round "4.12"]
[White "Bolzoni, Victor-Angel"]
[Black "Adams, Mark"]
[Result "1/2-1/2"]
[WhiteElo "2207"]
[BlackElo "1978"]
[PlyCount "128"]
[EventDate "2014.04.01"]

1. e4 c5 2. Nf3 a6 3. c3 e6 4. d4 d5 5. exd5 exd5 6. Be2 Bd6 7. dxc5 Bxc5 8.
O-O Ne7 9. Nbd2 Nbc6 10. Nb3 Ba7 11. Nbd4 O-O 12. Be3 Nf5 13. Nxf5 Bxf5 14.
Bxa7 Rxa7 15. Nd4 Be4 16. Qd2 Qf6 17. f3 Nxd4 18. Qxd4 Qxd4+ 19. cxd4 Bf5 20.
Rac1 Bd7 21. Rc5 Bc6 22. Rfc1 Rd8 23. Bd3 g6 24. h4 Kf8 25. a3 Rd6 26. Kf2 Ra8
27. h5 Kg7 28. Re1 Re6 29. Rxe6 fxe6 30. hxg6 hxg6 31. Rc1 Kf6 32. Ke3 Rc8 33.
g4 Bd7 34. g5+ Kxg5 35. Rg1+ Kf6 36. Rxg6+ Ke7 37. Rg2 Rh8 38. Rd2 Rh4 39. Bf1
Rh6 40. Kf4 Rh8 41. Kg3 Kd6 42. Bh3 Rf8 43. Bg4 Bb5 44. Rh2 Bd7 45. Rg2 Bb5 46.
Rh2 Bd7 47. Kf2 Rf6 48. Ke3 Rf8 49. Rh6 Ke7 50. Rh7+ Kd6 51. f4 Rf6 52. Rh8 Rg6
53. Bf3 Rf6 54. Bh5 Ke7 55. Kf3 Rf8 56. Rh7+ Kd6 57. Bg6 Rf6 58. Rg7 Rf8 59.
Bd3 Rf6 60. Rh7 Rf8 61. Rg7 Rh8 62. Bh7 Rf8 63. Bg8 Rc8 64. f5 Rf8 1/2-1/2

[Event "European Senior Team Championship 2014"]
[Site "Sibenik"]
[Date "2014.04.04"]
[Round "4.12"]
[White "Gilbert, Colin"]
[Black "Schrickx, Frank"]
[Result "1/2-1/2"]
[WhiteElo "1780"]
[BlackElo "1889"]
[PlyCount "49"]
[EventDate "2014.04.01"]

1. d4 d5 2. c4 dxc4 3. Nf3 Nf6 4. e3 e6 5. Bxc4 a6 6. O-O b5 7. Be2 Bb7 8. b3
Nbd7 9. Bb2 c5 10. Nbd2 cxd4 11. Nxd4 Nb6 12. Bf3 Bxf3 13. N2xf3 Qd5 14. Ne2
Be7 15. Bd4 Qb7 16. Rc1 O-O 17. Bxb6 Qxb6 18. Qd4 Qb7 19. Qb2 Rac8 20. h3 Ne4
21. Rfd1 Bf6 22. Ne5 b4 23. f4 Qa7 24. Qd4 Qxd4 25. Rxd4 1/2-1/2

[Event "European Senior Team Championship 2014"]
[Site "Sibenik"]
[Date "2014.04.04"]
[Round "4.13"]
[White "Carlsten, Peter"]
[Black "Stebbings, Anthony J"]
[Result "1/2-1/2"]
[WhiteElo "2039"]
[BlackElo "2302"]
[PlyCount "43"]
[EventDate "2014.04.01"]

1. e4 c5 2. Nf3 e6 3. Nc3 Nc6 4. d4 cxd4 5. Nxd4 Qc7 6. Be3 a6 7. Bd3 Nf6 8.
O-O Ne5 9. Nf3 Neg4 10. Bd2 d6 11. Qe2 Be7 12. Rad1 O-O 13. Kh1 b5 14. h3 Ne5
15. Nxe5 dxe5 16. f4 Bb7 17. f5 Qc6 18. Bg5 Rad8 19. Bxf6 Bxf6 20. fxe6 Qxe6
21. a4 bxa4 22. Nxa4 1/2-1/2

[Event "European Senior Team Championship 2014"]
[Site "Sibenik"]
[Date "2014.04.04"]
[Round "4.13"]
[White "Quinn, John M"]
[Black "Andersson, Sven-Olof"]
[Result "1-0"]
[WhiteElo "2135"]
[BlackElo "2012"]
[PlyCount "109"]
[EventDate "2014.04.01"]

1. d4 Nf6 2. c4 e6 3. Nc3 c5 4. d5 exd5 5. cxd5 d6 6. e4 Be7 7. Bd3 O-O 8. h3
a6 9. a4 Qc7 10. Nf3 Nbd7 11. O-O Ne5 12. Nxe5 dxe5 13. f4 exf4 14. Bxf4 Bd6
15. Qf3 Bxf4 16. Qxf4 Qxf4 17. Rxf4 Nd7 18. a5 Ne5 19. Bc2 Bd7 20. Ba4 Rad8 21.
Bxd7 Rxd7 22. Na4 Rc7 23. Nb6 Rd8 24. Rd1 Rd6 25. b3 f6 26. Rf2 c4 27. bxc4 Rc5
28. Rc2 Rxa5 29. c5 Rd8 30. Rb1 f5 31. exf5 Rb5 32. Rxb5 axb5 33. c6 bxc6 34.
dxc6 Rd1+ 35. Kh2 Nxc6 36. Rxc6 b4 37. Rc4 b3 38. Rb4 Rd3 39. Nc4 Rd4 40. Rb8+
Kf7 41. Nb2 Kf6 42. Rxb3 Kxf5 43. Nd3 h5 44. Rb5+ Kf6 45. Ne5 g6 46. Nf3 Rc4
47. Kg3 Rc3 48. h4 Rc4 49. Rd5 Rg4+ 50. Kf2 Ke6 51. Rg5 Kf6 52. Rxg4 hxg4 53.
Nh2 Kf5 54. Kg3 g5 55. h5 1-0

[Event "European Senior Team Championship 2014"]
[Site "Sibenik"]
[Date "2014.04.04"]
[Round "4.13"]
[White "Gustavsson, Sture"]
[Black "Scholes, James E"]
[Result "1/2-1/2"]
[WhiteElo "2005"]
[BlackElo "2103"]
[PlyCount "58"]
[EventDate "2014.04.01"]

1. d4 e6 2. Nf3 c5 3. e3 Nf6 4. Bd3 Nc6 5. b3 d5 6. Bb2 cxd4 7. exd4 Bd6 8. O-O
Qc7 9. a3 O-O 10. Re1 Ne7 11. Nbd2 a6 12. Ne5 Ng6 13. Ndf3 b5 14. Nxg6 hxg6 15.
Ne5 Bb7 16. Qf3 Bxe5 17. dxe5 Nd7 18. b4 Nb6 19. Bd4 Nc4 20. Qg4 Rfe8 21. f4 a5
22. h4 axb4 23. axb4 Rxa1 24. Rxa1 Nd2 25. h5 gxh5 26. Qxh5 Ne4 27. Bxb5 Ra8
28. Rxa8+ Bxa8 29. Qe2 Nc3 1/2-1/2

[Event "European Senior Team Championship 2014"]
[Site "Sibenik"]
[Date "2014.04.04"]
[Round "4.13"]
[White "Bowmer, Kevin"]
[Black "Svensson, Soren"]
[Result "1-0"]
[WhiteElo "2083"]
[BlackElo "1998"]
[PlyCount "59"]
[EventDate "2014.04.01"]

1. e4 e5 2. Nf3 Nc6 3. Bb5 a6 4. Ba4 Nf6 5. O-O Nxe4 6. d4 b5 7. Bb3 d5 8. dxe5
Be6 9. Nbd2 Nc5 10. c3 Be7 11. Bc2 Bg4 12. Re1 O-O 13. Nf1 d4 14. b4 d3 15. Bb1
Na4 16. Bxd3 Nxc3 17. Qc2 Bxf3 18. Bxh7+ Kh8 19. Qxc3 Kxh7 20. Qxf3 Nxb4 21.
Rd1 Qe8 22. Bb2 c5 23. Ne3 c4 24. Ng4 Nd3 25. Nf6+ Bxf6 26. Qh5+ Kg8 27. exf6
Nf4 28. Qg4 Ne2+ 29. Kh1 g6 30. Qg5 1-0

[Event "European Senior Team Championship 2014"]
[Site "Sibenik"]
[Date "2014.04.04"]
[Round "4.14"]
[White "Kauko, Pekka"]
[Black "Kristiansen, Erling"]
[Result "0-1"]
[WhiteElo "2013"]
[BlackElo "2189"]
[PlyCount "66"]
[EventDate "2014.04.01"]

1. d4 Nf6 2. c4 g6 3. Nc3 d5 4. cxd5 Nxd5 5. e4 Nxc3 6. bxc3 Bg7 7. Bc4 c5 8.
Ne2 cxd4 9. cxd4 O-O 10. Rb1 Nc6 11. Be3 Na5 12. Bd3 b6 13. O-O e6 14. Qd2 Bb7
15. Rfd1 Rc8 16. Rbc1 Qd7 17. f3 Rfd8 18. Rxc8 Rxc8 19. Rc1 Rxc1+ 20. Qxc1 Nc6
21. Qc4 Bf8 22. Bc2 Nb4 23. Nf4 b5 24. Qb3 a5 25. Bb1 a4 26. Qb2 Na6 27. Bd3
Nc7 28. a3 Qd6 29. Bxb5 Qb6 30. Qc1 Nxb5 31. d5 Qc7 32. Qd2 exd5 33. exd5 Qc3
0-1

[Event "European Senior Team Championship 2014"]
[Site "Sibenik"]
[Date "2014.04.04"]
[Round "4.14"]
[White "Dahl, Ivar M"]
[Black "Alkkiomaki, Jyrki"]
[Result "0-1"]
[WhiteElo "2170"]
[BlackElo "1957"]
[PlyCount "60"]
[EventDate "2014.04.01"]

1. Nf3 d5 2. g3 Nf6 3. Bg2 h6 4. O-O Bf5 5. c4 e6 6. Qb3 Qc8 7. cxd5 exd5 8.
Nc3 c6 9. d3 Be7 10. e4 dxe4 11. dxe4 Be6 12. Qc2 O-O 13. e5 Nd5 14. Nd4 Nb4
15. Qe4 Nd5 16. Nxe6 Nxc3 17. Qc4 Qxe6 18. Qxc3 Na6 19. a3 Nc7 20. b4 Rfd8 21.
Bb2 Nd5 22. Qb3 Bf8 23. Rad1 a6 24. Bxd5 Rxd5 25. Rxd5 cxd5 26. f4 Rc8 27. Rd1
Rd8 28. Qd3 g6 29. Rc1 h5 30. Rc7 Qb6+ 0-1

[Event "European Senior Team Championship 2014"]
[Site "Sibenik"]
[Date "2014.04.04"]
[Round "4.14"]
[White "Rantanen, Veikko"]
[Black "Mundal, Arnold"]
[Result "1-0"]
[WhiteElo "1927"]
[BlackElo "1937"]
[PlyCount "77"]
[EventDate "2014.04.01"]

1. c4 Nf6 2. Nc3 e5 3. g3 Be7 4. Bg2 O-O 5. e3 c5 6. Nge2 Nc6 7. O-O d6 8. d4
Bg4 9. Qd2 Re8 10. b3 Bf8 11. Bb2 Qa5 12. d5 Ne7 13. Rfd1 Ng6 14. h3 Bd7 15.
Kh2 Qd8 16. Rf1 h6 17. Rae1 Nh7 18. f4 f5 19. e4 exf4 20. Nxf4 Nxf4 21. Qxf4
Qg5 22. Qf2 g6 23. h4 Qd8 24. exf5 Rxe1 25. Qxe1 Bxf5 26. Be4 Bxe4 27. Nxe4 Qe7
28. Qc3 Bg7 29. Qxg7+ Qxg7 30. Bxg7 Kxg7 31. Nxd6 b6 32. Rf7+ Kg8 33. Rc7 a6
34. a4 Nf8 35. Ne4 b5 36. Nxc5 bxc4 37. bxc4 Re8 38. d6 Re2+ 39. Kg1 1-0

[Event "European Senior Team Championship 2014"]
[Site "Sibenik"]
[Date "2014.04.04"]
[Round "4.14"]
[White "Lerstad, Bjorn"]
[Black "Ranki, Martti"]
[Result "1/2-1/2"]
[WhiteElo "1914"]
[BlackElo "1918"]
[PlyCount "71"]
[EventDate "2014.04.01"]

1. e4 c5 2. c3 d6 3. d4 cxd4 4. cxd4 Nf6 5. Nc3 g6 6. Nf3 Bg7 7. Be2 O-O 8. O-O
b6 9. h3 Bb7 10. Bd3 Nc6 11. Be3 Rc8 12. Rc1 Re8 13. Qd2 Nd7 14. Bb1 Nf6 15.
Rfe1 Na5 16. b3 Nc6 17. Bh6 Bh8 18. Bg5 Bg7 19. Red1 Rf8 20. Bh6 a6 21. Bxg7
Kxg7 22. Qe3 Nd7 23. h4 e6 24. Ne2 Qe7 25. g3 Nf6 26. Nh2 h5 27. f4 Rfe8 28.
Nc3 b5 29. e5 dxe5 30. fxe5 Nd5 31. Nxd5 exd5 32. Rf1 Nd8 33. Rf6 Rxc1+ 34.
Qxc1 Nc6 35. Nf3 Rc8 36. Qd2 1/2-1/2